| 000 | 00517nam a2200181Ia 4500 | ||
|---|---|---|---|
| 003 | GCL | ||
| 008 | 140319s9999 xx 000 0 ara d | ||
| 040 |
_aGCL / _cGCL |
||
| 082 | 0 | 4 |
_a272.74 _bغ ش |
| 100 | 1 | _aغبريال رزق الله | |
| 245 | 1 | 0 |
_aشرح الرسالة الى غلاطية / _cغبريال رزق الله |
| 260 |
_a[S.N] : _bدار الثقافة العربية ، _c1980 |
||
| 300 | _a587 ص | ||
| 490 | _a | ||
| 650 | 0 | 4 | _aاللاهوت |
| 650 | 0 | 4 | _aالرسائل |
| 942 |
_2ddc _cBK |
||
| 999 |
_c54568 _d54568 |
||